000 01245nam a2200313Ia 4500
001 ebr10194137
003 CaPaEBR
006 m u
007 cr cn|||||||||
008 070411s2007 enk sb 001 0 eng d
020 _z9781403973184
020 _z1403973180
020 _z9781403982049
020 _z140398204X
040 _aCaPaEBR
_cCaPaEBR
035 _a(OCoLC)647663742
050 1 4 _aHQ1121
_b.S54 2007eb
100 1 _aSiegel, Deborah.
245 1 0 _aSisterhood, interrupted
_h[electronic resource] :
_bfrom radical women to girls gone wild /
_cDeborah Siegel ; foreword by Jennifer Baumgardner.
260 _aBasingstoke :
_bPalgrave Macmillan,
_c2007.
300 _axiv, 224 p.
504 _aIncludes bibliographical references and index.
533 _aElectronic reproduction.
_bPalo Alto, Calif. :
_cebrary,
_d2009.
_nAvailable via World Wide Web.
_nAccess may be limited to ebrary affiliated libraries.
650 0 _aFeminism
_zUnited States.
650 0 _aFeminism
_zUnited States
_xHistory
_y20th century.
655 7 _aElectronic books.
_2local
710 2 _aebrary, Inc.
856 4 0 _uhttp://site.ebrary.com/lib/rucke/Doc?id=10194137
_zAn electronic book accessible through the World Wide Web; click to view
999 _c221294
_d221294